Podpora bývania v SR z verejných zdrojov bakalárska práca

Na minha lista:
Detalhes bibliográficos
Autor principal: Chnupová, Zuzana
Autor Corporativo: Národohospodárska fakulta EU. Katedra financií
Outros Autores: Bašová, Alena, 1961-
Formato: Livro
Idioma:eslovaco
Publicado em: Bratislava 2012
Tags: Adicionar Tag
Sem tags, seja o primeiro a adicionar uma tag!

MARC

LEADER 00000nbm a2200000 4500
001 0158621
005 20161109112001.9
041 0 |a slo 
044 |a SK 
245 1 0 |a Podpora bývania v SR z verejných zdrojov  |b bakalárska práca  |c Zuzana Chnupová ; školiteľ: Alena Bašová 
264 1 |a Bratislava  |c 2012 
300 |a 39 s. 
100 1 |a Chnupová, Zuzana 
700 1 |a Bašová, Alena, 1961- 
710 2 |a Národohospodárska fakulta EU. Katedra financií